Logistický šampión východnej Ázie

Región v delte Perlovej rieky ako jeden z najrozvinutejších regiónov Číny. Hongkong ako výstupná brána čínskej ekonomiky. Jedenásta najväčšia obchodná veľmoc na svete. Letiská a prístavy na svetovej úrovni. Sídlo viac ako 1000 logistických firiem. Status slobodného prístavu. Hongkong v číslach.

Salvato in:
Dettagli Bibliografici
Autore principale: Lau, Anthony
Natura: Capitolo di libro
Lingua:slovacco
Soggetti:
Tags: Aggiungi Tag
Nessun Tag, puoi essere il primo ad aggiungerne!!

MARC

LEADER 00000naa$a2200000$$$4500
001 0058371
005 20231108134003.3
041 0 |a slo 
044 |a SK 
245 1 0 |a Logistický šampión východnej Ázie  |c Anthony Lau 
520 |a Región v delte Perlovej rieky ako jeden z najrozvinutejších regiónov Číny. Hongkong ako výstupná brána čínskej ekonomiky. Jedenásta najväčšia obchodná veľmoc na svete. Letiská a prístavy na svetovej úrovni. Sídlo viac ako 1000 logistických firiem. Status slobodného prístavu. Hongkong v číslach. 
610 2 0 |a logistika 
610 2 0 |a distribúcia 
610 2 0 |a doprava letecká 
610 2 0 |a doprava námorná 
610 2 0 |a doprava medzinárodná 
610 2 0 |a rozvoj hospodársky 
610 2 0 |a spolupráca medzinárodná 
610 2 0 |a Hongkong 
100 1 |a Lau, Anthony